000 00255nam a2200109Ia 4500
005 20251222114412.0
008 251222s1900||||xx |||||||||||||| ||spa||
082 _aDVD0110/A23/2004/Ej.2
245 0 _aShrek II
264 _bDreamWorks Animation
942 _cDVD
999 _c2060
_d2060